ATM Messina - Statistics

Statistiche generali
  • Questo quiz è stato fatto 16 volte
  • Il punteggio medio è 28 su 60
Statistiche sulle risposte
Hint Risposta % Corretto
Messina Due 13
70%
Circonvallazione 21
70%
Shuttle Notturno N1
70%
Sostituzione Tram ST
70%
Shuttle 100 1
60%
Montepiselli 16
60%
Shopping 37
60%
Camaro / Cavallotti 14
50%
Camaro / Zir 14BIS
50%
Catarratti 15
50%
Villaggio UNRRA / CEP 15BIS
50%
Montepiselli / Viale Europa 16BIS
50%
Città Nuova 17
50%
Annunziata / Villa Dante 22
50%
Annunziata / Zir 22BIS
50%
Annunziata / Portella Arena 23
50%
Gesso 25
50%
Salice 26
50%
Tram 28
50%
Castanea / Masse 29
50%
Sperone / Ganzirri 31BIS
50%
Pontegallo 32
50%
Villafranca / Autostrada 33
50%
S. Margherita / Papardo 39A
50%
Tipoldo 6
50%
Zafferia / Villa Dante 7
50%
Minissale / Case INCIS 7BIS
50%
Circonvallazione Notturno N2
50%
Supporto Shuttle S1
50%
S. Giovanello 10
40%
Cumia / Bordonaro 11
40%
Bordonaro Inferore 12
40%
Parcheggi Gazzi 12BIS
40%
Gravitelli 16 Barrato
40%
S. Michele 18
40%
S. Michele / Cavallotti 18 Barrato
40%
Giostra / Via Ogliastri 19
40%
Granatari / Giostra 19BIS
40%
Altolia / Briga 2
40%
S. Licandro 20 e 20BIS
40%
Green Line 21 Barrato
40%
Papardo / Zir 24
40%
Badessa 24 Barrato
40%
Marotta / Faro Superiore 27
40%
Curcuraci / Masse 30
40%
Torre Faro / Papardo 31
40%
Cimitero di Granatari 34
40%
Acqualdrone 35
40%
Policlinico 36
40%
Torri Morandi 38
40%
Galati S. Placido 3BIS
40%
S. Stefano Briga 4
40%
Castanea / Pontegallo 40
40%
Mili / Zir 5
40%
S. Filippo Superiore 9
40%
Pontegallo Notturno N3
40%
Supporto Altolia S2
40%
Giampilieri / Antonello 18BIS
30%
Pezzolo 3
30%
S. Lucia / S. Filippo 8 e 8BIS
30%
Nessun quiz corrispondente trovato
Distribuzione punteggi
Percentuale di utenti per punteggio
Percentile per numero di risposta
I tuoi punteggi nel tempo
Non hai fatto questo quiz